Piłkarze z 20 meczami na mundialu - nagła śmierć - Statystyki

Ogólne statystyki
  • Ten quiz został rozwiązany 167 razy
  • Średni wynik to 3 z 14
Answers on the Grid
Answers color-coded by a green-red scale on the quiz's grid according to % correct below.
Lionel Messi
Lothar Matthaus
Miroslav Klose
Paolo Maldini
Cristiano Ronaldo
Diego Maradona
Uwe Seeler
Władysław Żmuda
Philipp Lahm
Grzegorz Lato
Javier Mascherano
Hugo Lloris
Bastian Schweinsteiger
Cafu
Angel Di Maria
Franz Beckenbauer
Jurgen Klinsmann
Gianluigi Buffon
Luis Figo
Michel Platini
Pele
Zbigniew Boniek
Manuel Neuer
Daniel Passarella
Ronaldo Nazario
Zinedine Zidane
Thomas Muller
Roberto Carlos
Michael Ballack
Luis Suarez
 
Statystyki odpowiedzi
Odpowiedź % Poprawnych
Lionel Messi
56%
Cristiano Ronaldo
43%
Miroslav Klose
36%
Philipp Lahm
27%
Grzegorz Lato
25%
Lothar Matthaus
25%
Paolo Maldini
23%
Diego Maradona
20%
Bastian Schweinsteiger
18%
Cafu
18%
Władysław Żmuda
18%
Hugo Lloris
12%
Javier Mascherano
9%
Uwe Seeler
9%
Nie znaleziono quizów pasujących do podanych kryteriów
Rozkład punktacji
Procent ludzi z każdym wynikiem
Percentyl według liczby udzielonych odpowiedzi
Twoja historia wyników
Nie rozwiązałeś tego quizu